000 00437nam a2200133Ia 4500
008 191206s9999 xx 000 0 und d
020 _a9.78031E+12
090 _aUB416.D36
245 0 _a"They fight like soldiers, they die like children: the global quest to eradicate the use of child soldiers"
260 _aRandom House Canada
260 _ccc2010
300 _a307 p. ; 24 cm.
999 _c17176
_d17176